000
00315nam a2200157Ia 4500
100
_a
None
650
_a
Chemistry
942
_c
BK
654
_a
Asphalt
245
_a
Asphalt & Its Uses
260
_b
StanDard Vacuum Oil
_a
Bombay
082
_a
665.5
_b
SVO
300
_a
224
546
_a
ENGLISH
999
_c
27226
_d
27226